| 000 | 01044nam a22002777a 4500 | ||
|---|---|---|---|
| 003 | CHAP | ||
| 005 | 20220329135408.0 | ||
| 008 | 971013s1831 r 00010 d | ||
| 010 | _a35644 | ||
| 011 | _a36616 | ||
| 035 | _a40735 | ||
| 040 | _cCHAP | ||
| 082 |
_a336.72 _bM48 1829/30 |
||
| 110 |
_aMéxico. Secretaría de Hacienda _977182 |
||
| 245 | _aMemoria leída en la cámara de diputados el día 24, y en la de senadores el 27 de enero de 1831 | ||
| 260 |
_aMéxico, D.F. : _bImprenta del Aguila, _c1831 |
||
| 500 | _aEncuadrnado con: Memoria de justicia y negocios eclesiásticos, Memoria de guerra, Memoria de Marina, Memoria de relaciones interiores y exteriores | ||
| 590 |
_aBATCH-UPD _b10 _c20130110 _lUCH01 _h1716 |
||
| 590 |
_aBATCH-UPD _b10 _c20130410 _lUCH01 _h1101 |
||
| 590 |
_aBATCH-UPD _b10 _c20130914 _lUCH01 _h1409 |
||
| 590 |
_aCONVERSION _b10 _c20130109 _lUCH01 _h1320 |
||
| 650 | 1 | 4 |
_aFinanzas públicas _zMéxico. _940975 |
| 901 | _aBK | ||
| 942 | _cLIBRO | ||
| 949 |
_a336.72 M48 1829/30 _bBC _cBPP _d-93129 _eBPP _i40735 _si |
||
| 999 |
_c35644 _d35644 |
||